Hoạch định chiến lược xây dựng thương hiệu sản phẩm quýt Hồng ở Đồng Bằng sông Cửu Long : Luận văn Tốt nghiệp Cao học. Chuyên ngành Quản trị kinh doanh

Đề tài phân tích thực trạng sản xuất, tiêu thụ và xây dựng thương hiệu sản phẩm quýt hồng Lai Vung, hoạch định chiến lược xây dựng thương hiệu và đề xuất các giải pháp nhằm triển khai thực hiện các chiến lược đề ra....

全面介紹

Đã lưu trong:
書目詳細資料
主要作者: Khưu, Ngọc Huyền
格式: 圖書
語言:Undetermined
出版: Cần Thơ Trường Đại học Cần Thơ 2014
主題:
標簽: 添加標簽
沒有標簽, 成為第一個標記此記錄!
Thư viện lưu trữ: Trung tâm Học liệu Trường Đại học Cần Thơ
LEADER 01245nam a2200217Ia 4500
001 CTU_195588
008 210402s9999 xx 000 0 und d
082 |a 658.4012 
082 |b H527 
088 |a 60340102 
100 |a Khưu, Ngọc Huyền 
245 0 |a Hoạch định chiến lược xây dựng thương hiệu sản phẩm quýt Hồng ở Đồng Bằng sông Cửu Long : 
245 0 |b Luận văn Tốt nghiệp Cao học. Chuyên ngành Quản trị kinh doanh 
245 0 |c Khưu Ngọc Huyền ; Lưu Thanh Đức Hải (Người hướng dẫn khoa học) 
260 |a Cần Thơ 
260 |b Trường Đại học Cần Thơ 
260 |c 2014 
520 |a Đề tài phân tích thực trạng sản xuất, tiêu thụ và xây dựng thương hiệu sản phẩm quýt hồng Lai Vung, hoạch định chiến lược xây dựng thương hiệu và đề xuất các giải pháp nhằm triển khai thực hiện các chiến lược đề ra. 
650 |a Kế hoạch chiến lược,Strategic planning 
910 |a Hải 
980 |a Trung tâm Học liệu Trường Đại học Cần Thơ